MARC details
| 000 -LEADER |
| fixed length control field |
01486cam a2200349 a 4500 |
| 001 - CONTROL NUMBER |
| control field |
15690730 |
| 003 - CONTROL NUMBER IDENTIFIER |
| control field |
OSt |
| 005 - DATE AND TIME OF LATEST TRANSACTION |
| control field |
20160224170530.0 |
| 008 - FIXED-LENGTH DATA ELEMENTS--GENERAL INFORMATION |
| fixed length control field |
090407s2009 nyua 001 0 eng |
| 010 ## - LIBRARY OF CONGRESS CONTROL NUMBER |
| LC control number |
2009014584 |
| 020 ## - INTERNATIONAL STANDARD BOOK NUMBER |
| International Standard Book Number |
9780061726842 (pbk.) |
| 020 ## - INTERNATIONAL STANDARD BOOK NUMBER |
| International Standard Book Number |
0061726842 (pbk.) |
| 035 ## - SYSTEM CONTROL NUMBER |
| System control number |
(OCoLC)ocn310399090 |
| 040 ## - CATALOGING SOURCE |
| Original cataloging agency |
SEKU |
| 042 ## - AUTHENTICATION CODE |
| Authentication code |
lcac |
| 050 00 - LIBRARY OF CONGRESS CALL NUMBER |
| Classification number |
CT 107 |
| Item number |
.I25 2009 |
| 245 00 - TITLE STATEMENT |
| Title |
I can't keep my own secrets : |
| Remainder of title |
six-word memoirs by teens famous + obscure : from Smith magazine / |
| Statement of responsibility, etc. |
edited by Rachel Fershleiser and Larry Smith. |
| 250 ## - EDITION STATEMENT |
| Edition statement |
1st ed. |
| 260 ## - PUBLICATION, DISTRIBUTION, ETC. (IMPRINT) |
| Place of publication, distribution, etc. |
New York : |
| Name of publisher, distributor, etc. |
HarperTeen, |
| Date of publication, distribution, etc. |
c2009. |
| 300 ## - PHYSICAL DESCRIPTION |
| Extent |
184 p. : |
| Other physical details |
ill. ; |
| Dimensions |
19 cm. |
| 500 ## - GENERAL NOTE |
| General note |
A book with over 600 authors (all aged thirteen to nineteen) and 600 characters (all real, as far as we know) and 600 stories (which can be read in any order). What every story has in common is that each was written about the author's own life, and that each is the exact same length: six words. |
| 500 ## - GENERAL NOTE |
| General note |
Includes index. |
| 520 ## - SUMMARY, ETC. |
| Summary, etc. |
Collects memoirs from hundreds of teenagers composed of six words, ranging from the humorous to inspiring and dramatic, and includes six-word autobiographies from popular teenage celebrities. |
| 650 #0 - SUBJECT ADDED ENTRY--TOPICAL TERM |
| Topical term or geographic name as entry element |
Autobiographies. |
| 650 #0 - SUBJECT ADDED ENTRY--TOPICAL TERM |
| Topical term or geographic name as entry element |
Teenagers' writings. |
| 650 #0 - SUBJECT ADDED ENTRY--TOPICAL TERM |
| Topical term or geographic name as entry element |
Teenagers |
| Form subdivision |
Quotations. |
| 650 #1 - SUBJECT ADDED ENTRY--TOPICAL TERM |
| Topical term or geographic name as entry element |
Youths' writings. |
| 700 1# - ADDED ENTRY--PERSONAL NAME |
| Personal name |
Fershleiser, Rachel. |
| 700 1# - ADDED ENTRY--PERSONAL NAME |
| Personal name |
Smith, Larry, |
| Dates associated with a name |
1968- |
| 730 0# - ADDED ENTRY--UNIFORM TITLE |
| Uniform title |
Smith magazine. |
| 942 ## - ADDED ENTRY ELEMENTS (KOHA) |
| Source of classification or shelving scheme |
Library of Congress Classification |
| Koha item type |
General circulation |